| LEADER | 01535nam a2200241 4500 | ||
|---|---|---|---|
| 082 | |a 910.76 |b TR120TR | ||
| 100 | |a Trần Trọng Hà | ||
| 245 | |a Bài tập Địa lý 6 |c Trần Trọng Hà |b Dùng cho luyện tập và kiểm tra | ||
| 260 | |a H. |b Giáo dục |c 2002 | ||
| 300 | |a 87 tr. |c 24 cm | ||
| 520 | |a v....v | ||
| 653 | |a Địa lý | ||
| 653 | |a lớp 6 | ||
| 653 | |a bài tập | ||
| 942 | |2 ddc |c STK0 | ||
| 999 | |c 9910 |d 9910 | ||
| 952 | |0 0 |1 0 |2 ddc |4 0 |6 910_760000000000000_TR120TR |7 0 |8 900 |9 78019 |a qbu |b qbu |c D5 |d 2015-07-01 |g 6400 |o 910.76 TR120TR |p 9782.c1 |r 0000-00-00 |w 2015-07-01 |y STK0 | ||
| 952 | |0 0 |1 0 |2 ddc |4 0 |6 910_760000000000000_TR120TR |7 0 |8 900 |9 78020 |a qbu |b qbu |c D5 |d 2015-07-01 |g 6400 |o 910.76 TR120TR |p 9782.c2 |r 0000-00-00 |w 2015-07-01 |y STK0 | ||
| 952 | |0 0 |1 0 |2 ddc |4 0 |6 910_760000000000000_TR120TR |7 0 |8 900 |9 78021 |a qbu |b qbu |c D5 |d 2015-07-01 |g 6400 |o 910.76 TR120TR |p 9782.c3 |r 0000-00-00 |w 2015-07-01 |y STK0 | ||
| 952 | |0 0 |1 0 |2 ddc |4 0 |6 910_760000000000000_TR120TR |7 0 |8 900 |9 78022 |a qbu |b qbu |c D5 |d 2015-07-01 |g 6400 |o 910.76 TR120TR |p 9782.c4 |r 2015-10-28 |w 2015-07-01 |y STK0 | ||
| 952 | |0 0 |1 0 |2 ddc |4 0 |6 910_760000000000000_TR120TR |7 0 |8 900 |9 78023 |a qbu |b qbu |c D5 |d 2015-07-01 |g 6400 |o 910.76 TR120TR |p 9782.c5 |r 0000-00-00 |w 2015-07-01 |y STK0 | ||
| 952 | |0 0 |1 0 |2 ddc |4 0 |6 910_760000000000000_TR120TR |7 0 |8 900 |9 78024 |a qbu |b qbu |c D5 |d 2015-07-01 |g 6400 |o 910.76 TR120TR |p 9782.c6 |r 0000-00-00 |w 2015-07-01 |y STK0 | ||
| 952 | |0 0 |1 0 |2 ddc |4 0 |6 910_760000000000000_TR120TR |7 0 |8 900 |9 78025 |a qbu |b qbu |c D5 |d 2015-07-01 |g 6400 |o 910.76 TR120TR |p 9782.c7 |r 0000-00-00 |w 2015-07-01 |y STK0 | ||